| 000 | 00753nam a22002177a 4500 | ||
|---|---|---|---|
| 003 | OSt | ||
| 005 | 20251010030612.0 | ||
| 008 | 251010b |||||||| |||| 00| 0 eng d | ||
| 020 | _a978-189062761-4. | ||
| 040 |
_aDWCL-Admin lib _cOC |
||
| 082 |
_21st ed. _aCirc. 371.94 F299a 2007 |
||
| 100 | _aFein, Deborah | ||
| 245 |
_a Autism in your classroom : a general educator's guide to students with autism spectrum disorders/ _cDeborah Fein |
||
| 260 |
_aBethesda, Md. : _bWoodbine House, Inc. , _cc2007 |
||
| 300 |
_axv, 319 p. : ill. ; _c22 cm. |
||
| 504 | _aIncludes bibliographical references & index. | ||
| 650 | _a1. Autism. | ||
| 650 | _a2. Autistic children-Education. | ||
| 700 | _aDunn, Michelle A. | ||
| 942 |
_2ddc _cBK-CIRC _e1st ed. _kCirc. _n0 |
||
| 999 |
_c4811 _d4811 |
||